000 00371nam a2200169Ia 4500
003 0STCL
008 150530s9999 xx 000 0 und d
040 _aSTCL
_cSTCL
100 _aSherwood, G.E.F.; Taylor Angus, E.
245 _aCalculus
250 _aThird
260 _c1958
546 _aEnglish
942 _2ddc
_cBK
999 _c22865
_d22865
005 20220125165945.0